[Event "Charlotte Open 2020"]
[Site "Charlotte"]
[Date "2020.01.05"]
[Round "7.17"]
[White "Puckett, Matthew"]
[Black "Yu, Jennifer"]
[Result "1/2-1/2"]
[WhiteElo "2148"]
[BlackElo "2321"]
[Annotator "TA"]
[PlyCount "80"]
[EventDate "2020.01.02"]
[EventType "swiss"]
[EventCountry "USA"]
[SourceTitle "playchess.com"]
[Source "ChessBase"]
[SourceQuality "1"]

{[%evp 9,80,6,6,5,4,8,11,14,17,16,35,25,29,29,20,29,36,18,25,21,37,4,6,3,20,8,2,0,0,-8,-4,-29,-22,-26,-23,-26,-27,-25,-63,-64,-25,-27,-24,-26,0,-19,0,-36,-15,-33,-30,-31,-18,-19,-20,-61,0,-58,-19,-18,-15,-10,-14,-15,-11,-28,-1,-1,-1,-1,-1,-1,-1]} 1. d4 d5 2. c4 e6 3. Nf3 a6 4. e3 Nf6 5. Bd3 (5. b3 c5 6. Bb2 cxd4 7. exd4 b6 8. Bd3 Bb7 9. O-O Be7 10. Nbd2 O-O 11. Qe2 Nc6 12. Rac1 Re8 {½-½ (39) Radjabov,T (2758)-Sjugirov,S (2662) Khanty-Mansiysk 2019}) 5... dxc4 6. Bxc4 {D30: Queen's Gambit Declined: Systems without Nc3} c5 7. O-O Nc6 8. dxc5 Bxc5 9. Qxd8+ Kxd8 10. a3 b5 11. Be2 Bb7 12. b4 Bb6 $146 ({Predecessor:} 12... Bd6 13. Bb2 Ke7 {½-½ (23) Mueller,H-Becker,A Tatatovaros 1935}) 13. Bb2 Ke7 14. Nc3 Rhd8 15. Rfd1 Rxd1+ 16. Rxd1 Bc7 17. h3 Bd6 18. Bd3 Rd8 19. Bb1 h6 20. Rd2 g5 21. Kf1 Nb8 22. e4 Nfd7 23. Nd1 Nc6 24. Ne3 Nde5 25. Nxe5 Nxe5 26. f3 f6 27. Ba2 Rc8 28. Bb3 h5 29. Rc2 Rd8 30. Rd2 Rd7 31. Rd1 Rc7 32. Ke2 Rd7 (32... a5 $15) 33. Nf1 (33. Kf1 $11) 33... Ng6 34. Kf2 h4 35. Ne3 Bg3+ 36. Kf1 {[#] Hoping for Bxf6+!} Rxd1+ 37. Bxd1 Ne5 38. Ng4 {The position is equal.} Nxg4 39. hxg4 Bf4 40. Bc2 Bc6 {Accuracy: White = 60%, Black = 53%.} 1/2-1/2

[Event "Charlotte Open 2020"]
[Site "Charlotte"]
[Date "2020.01.05"]
[Round "7.18"]
[White "Venkat, Raghav"]
[Black "Wang, Tianqi"]
[Result "0-1"]
[WhiteElo "2141"]
[BlackElo "2314"]
[Annotator "TA"]
[PlyCount "148"]
[EventDate "2020.01.02"]
[EventType "swiss"]
[EventCountry "USA"]
[SourceTitle "playchess.com"]
[Source "ChessBase"]
[SourceQuality "1"]

{[%evp 15,148,22,50,50,50,52,60,53,59,47,52,39,59,35,29,-12,9,27,67,0,0,-59,-58,-57,-47,-34,-41,-133,-116,-175,-165,-233,-191,-208,-223,-208,-182,-169,-180,-329,-337,-323,-322,-322,-323,-320,-306,-335,-310,-280,-330,-301,-7,-7,-7,-8,18,-110,-103,-101,-89,-168,-168,-161,-155,-168,-168,-168,0,0,0,0,0,0,0,0,0,0,0,0,0,0,0,0,8,0,0,0,0,0,0,0,0,0,0,0,0,0,0,-8,-8,-16,-16,-16,-16,-16,-16,-16,-16,-16,-14,-66,-66,-141,-7,-8,0,-8,-8,-9,0,0,0,0,0,-2,-6,-33,-33,-33,-33,-66,-59,-2418,-1965]} 1. c4 Nf6 2. Nc3 c5 3. Nf3 b6 4. g3 Bb7 5. Bg2 e6 6. O-O Be7 7. Re1 d6 8. e4 a6 9. d4 {A30: Symmetrical English: Double Fianchetto and Hedgehog} cxd4 10. Nxd4 Qc8 (10... Qc7 11. Be3 Nbd7 12. Rc1 Rc8 13. f4 Qb8 14. g4 h5 15. g5 Ng4 16. g6 Rxc4 17. gxf7+ Kxf7 18. Bf1 Nxe3 19. Rxe3 Rxd4 20. Qxd4 b5 21. Rg3 Bf6 22. e5 Bd8 23. Ne4 Bb6 {0-1 (23) Ding,L (2774)-Carlsen,M (2837) Saint Louis 2017}) 11. b3 {White is slightly better.} Nbd7 12. Ba3 O-O 13. f4 Re8 14. Bb2 $146 ({Predecessor:} 14. g4 Nf8 15. f5 N6d7 16. Rc1 Qc7 17. Rc2 Rad8 18. Nce2 e5 19. Nf3 Bxe4 {0-1 (44) Jelic,G (2192)-Nedeljkovic,D (2137) Belgrade 2010}) 14... g6 15. a4 Bf8 16. Nc2 Nc5 17. b4 (17. Ne3 $1 $14) 17... Ncd7 $1 $11 ({Not} 17... Nb3 $2 18. Ra3 $18) 18. e5 (18. Ne3 $11) 18... Bxg2 $15 19. Kxg2 dxe5 20. fxe5 Nh5 $1 21. Qd4 (21. Qe2 $15) 21... Rd8 $17 {Strongly threatening ...Nc5.} 22. Qe4 (22. Rad1 $17) 22... a5 $19 23. bxa5 (23. Nb5 {keeps fighting.}) 23... Nc5 24. Qf3 Nd3 ({Resist} 24... Rxa5 25. Red1 $17) 25. axb6 Nxe1+ 26. Rxe1 Qxc4 {aiming for ...Qb3.} 27. Rf1 (27. Re2 $142) 27... Rd2+ 28. Kh3 {[#]} Nf4+ $1 {[%mdl 512]} 29. Qxf4 Qxf4 30. Rxf4 Rxc2 31. Ba1 {Black must now prevent a5!} Bc5 32. b7 Rb8 33. Rc4 Ba7 $2 (33... Rxb7 $19 34. Rxc5 Rc1) 34. Rc8+ $11 Kg7 35. Nb5 $1 Ra2 {[%mdl 64] Double Attack} 36. Nxa7 (36. Bd4 $1 $11 {was the only way to keep the balance.} Rxb7 37. Bxa7) 36... Rxb7 $17 37. Bd4 Rxa4 {[%mdl 64] Double Attack} 38. Bc5 (38. Nc6 $17 {was necessary.}) 38... g5 $1 $19 {[%mdl 1024] Black has strong compensation.} 39. Nc6 Rb2 $1 {( -> ...g4+)} 40. Nd4 h5 {...Raa2 is the strong threat.} 41. g4 {[#]} Raa2 $2 (41... Rd2 $1 $19 {[%cal Rd2d3] And now ...Rd3+ would win.} 42. gxh5 Rdxd4 43. Bxd4 Rxd4) 42. gxh5 $11 Rxh2+ 43. Kg4 Rag2+ 44. Kf3 g4+ 45. Ke4 Rxh5 46. Be7 Rf2 47. Bf6+ Rxf6 48. exf6+ Kxf6 {[%mdl 4096] Endgame KRN-KR} 49. Kf4 Rd5 50. Ne2 Rd2 51. Ke3 Ra2 52. Rg8 Ra4 53. Ng3 Ke7 54. Rg7 Kf8 55. Rg5 f6 56. Rb5 Kf7 57. Nh5 f5 58. Re5 Ra3+ 59. Kf2 Rh3 60. Ng3 Kf6 61. Ra5 Rh2+ 62. Kg1 Rc2 63. Nh5+ (63. Ra8 $11) 63... Kg5 $15 64. Ng7 {[#]} (64. Ng3 $15) 64... Re2 ({Black should play} 64... Rc6 $1 $17 {Threatens to win with ...Kg6.} 65. Rc5 Rb6) 65. Kf1 $11 Re3 66. Kf2 Rf3+ 67. Kg2 Re3 68. Kf2 Re4 69. Ra6 Kf6 70. Ne8+ Ke7 71. Nd6 Rb4 72. Kg3 Rd4 73. Nb5 Rd3+ 74. Kf4 $2 {[%mdl 8192]} (74. Kh4 $15) 74... Kf6 {Accuracy: White = 41%, Black = 65%.} 0-1

[Event "Charlotte Open 2020"]
[Site "Charlotte"]
[Date "2020.01.05"]
[Round "7.19"]
[White "Martinez, Isaac"]
[Black "Daggupati, Balaji"]
[Result "1/2-1/2"]
[WhiteElo "2079"]
[BlackElo "2311"]
[Annotator "TA"]
[PlyCount "86"]
[EventDate "2020.01.02"]
[EventType "swiss"]
[EventCountry "USA"]
[SourceTitle "playchess.com"]
[Source "ChessBase"]
[SourceQuality "1"]

{[%evp 9,86,23,25,18,31,26,12,16,23,27,39,37,61,33,49,48,38,41,63,5,18,16,14,0,8,0,56,0,0,-3,-10,-24,40,-44,-44,-66,-40,-93,-53,-43,-41,-14,187,192,183,164,257,247,256,251,244,0,0,0,0,0,0,-22,-22,-29,-29,-29,0,0,0,0,0,-20,0,0,0,0,0,0,0,0,0,0,12840]} 1. Nf3 d5 2. e3 c6 3. d4 Nf6 4. Bd3 e6 5. O-O Bd6 (5... Nbd7 6. Ne5 Nxe5 7. dxe5 Nd7 8. f4 g6 9. b3 Nc5 10. Bb2 Nxd3 11. cxd3 c5 12. d4 b6 13. dxc5 bxc5 {1-0 (57) Krylov,M (2484)-Gromovs,S (2281) Platja d'Aro 2016}) 6. Nbd2 {D05: Colle System with ...e6} Nbd7 7. e4 dxe4 8. Nxe4 Nxe4 9. Bxe4 Nf6 10. Bd3 h6 11. c3 Qc7 12. Re1 b6 13. Ne5 $146 ({Predecessor:} 13. Qe2 Bb7 {0-1 (60) Hartmayer,A-Markovic,P Eppingen 2004}) 13... Bb7 14. a4 (14. Bf4 $14) 14... c5 $11 15. Bb5+ Ke7 16. a5 Rhd8 {Threatens to win with ...Bxe5.} 17. a6 Bd5 (17... Be4 $11 18. Bf4 Kf8) 18. Bf4 ({Better is} 18. c4 $1 $14 cxd4 19. cxd5 Bxe5 20. dxe6) 18... Rac8 19. Qd2 $132 {[%mdl 2048] White is not holding back} g5 20. Bg3 Ne4 ({Black should try} 20... cxd4 $11 21. Qxd4 Qc5) 21. Qd3 (21. Rxe4 $14 Bxe4 22. Qe2) 21... Nxg3 $15 22. hxg3 {aiming for Ng4.} Bxe5 $1 23. Rxe5 (23. dxe5 $15 Bc6 24. Qe2) 23... cxd4 24. Rae1 dxc3 25. Rxd5 $1 c2 $2 (25... Rxd5 $11 {and Black has nothing to worry.} 26. Qxd5 cxb2) 26. Rxd8 $18 Rxd8 27. Qa3+ Kf6 (27... Qc5 $142 28. Qxc5+ bxc5) 28. Qf3+ Kg7 {[#]} 29. Rc1 $1 Qe5 30. Ba4 $2 (30. Bd3 $18) 30... Qxb2 $11 31. Qe3 b5 32. Bxc2 Rc8 33. Kh2 ({Much weaker is} 33. Qd2 b4 $17) 33... b4 34. Rb1 Qxc2 35. Rxb4 {[%mdl 4096] Endgame KQR-KQR} Qd1 36. Qe5+ {The position is equal.} Kh7 37. Qe4+ Kg8 38. Rb1 Qd6 39. Qb7 Rc6 40. Qa8+ Kg7 41. Rb8 $1 {[%cal Rb8h8] [#] Rh8 is the strong threat.} ({But not} 41. Rb7 Rc4 $17) 41... Qd1 $1 {[%cal Rd1h5][%mdl 512]} 42. Rg8+ Kf6 {( -> ...Qh5+)} 43. Qxc6 Ke5 $2 {[%mdl 40960] Accuracy: White = 49%, Black = 52%. . An unexpected result.} (43... Qh5+ $11 44. Kg1 Qd1+ 45. Kh2 Qh5+ 46. Kg1 Qd1+ 47. Kh2) 1/2-1/2

[Event "Charlotte Open 2020"]
[Site "Charlotte"]
[Date "2020.01.05"]
[Round "7.20"]
[White "Storn, Justin"]
[Black "Ezra Paul Chambers"]
[Result "0-1"]
[WhiteElo "2030"]
[BlackElo "2265"]
[Annotator "TA"]
[PlyCount "22"]
[EventDate "2020.01.02"]
[EventType "swiss"]
[EventCountry "USA"]
[SourceTitle "playchess.com"]
[Source "ChessBase"]
[SourceQuality "1"]

{[%evp 14,73,48,54,53,47,67,-66,-64,-189,-170,-170,-159,-179,-167,-175,-150,-168,-185,-166,-145,-139,-137,-133,-126,-247,-223,-232,-227,-258,-254,-316,-302,-531,-518,-620,-561,-652,-645,-645,-616,-927,-917,-952,-938,-1039,-1032,-1228,-1200,-1402,-1377,-1259,-937,-1336,-1261,-1335,-625,-29987,-29988,-29989,-29990,-29999]} 1. d4 d6 2. Nf3 Nf6 3. c4 Nc6 4. d5 Nb8 5. Nc3 g6 6. e4 Bg7 7. Be2 O-O 8. O-O Na6 {E91: King's Indian: Classical: 6 Be2, unusual replies including 6...c5 and 6...Bg4} (8... Bg4 9. h3 Bxf3 10. Bxf3 c6 11. Bf4 Nbd7 12. Qd2 Rc8 13. b3 cxd5 14. exd5 a6 15. Rfc1 Qa5 16. a4 {½-½ (28) Mchedlishvili,M (2587)-Gagunashvili,M (2579) Tbilisi 2015}) 9. Qc2 Nc5 10. Rb1 {[#]} (10. Bg5 $14) 10... Nfxe4 $146 {[%mdl 512] Black is slightly better.} ({Predecessor:} 10... a5 11. Be3 Nfd7 12. Ne1 e5 13. Nd3 b6 14. a3 f5 15. f3 f4 16. Bf2 Nxd3 17. Bxd3 {0-1 (48) Galat,A (2051)-Myzyk,J (2116) Poland 2011}) 11. Nb5 {[#]} (11. Nxe4 $15 Nxe4 12. Be3 (12. Qxe4 Bf5 $17)) 11... Nxf2 {Played: Ne4-g3} 0-1

[Event "Charlotte Open 2020"]
[Site "Charlotte"]
[Date "2020.01.05"]
[Round "8.1"]
[White "Chandra, Akshat"]
[Black "Jacobson, Brandon"]
[Result "0-1"]
[WhiteElo "2524"]
[BlackElo "2472"]
[Annotator "ChessBase"]
[PlyCount "106"]
[EventDate "2020.01.02"]
[EventType "swiss"]
[EventCountry "USA"]
[SourceTitle "playchess.com"]
[Source "ChessBase"]
[SourceQuality "1"]
[TimeControl "6000+30"]

1. Nf3 {[%emt 0:06:42]} d5 {[%emt 0:00:00]} 2. e3 {[%emt 0:00:20]} Nf6 {[%emt 0:02:36]} 3. c4 {[%emt 0:00:25]} e6 {[%emt 0:00:06]} 4. b3 {[%emt 0:01:09]} b6 {[%emt 0:00:03]} 5. Bb2 {[%emt 0:02:13]} Bb7 {[%emt 0:00:04]} 6. cxd5 {[%emt 0:01:04]} exd5 {[%emt 0:00:03]} 7. d4 {[%emt 0:00:28]} Nbd7 {[%emt 0:00:06]} 8. Nc3 {[%emt 0:00:28]} Bd6 {[%emt 0:00:05]} 9. g3 {[%emt 0:04:02]} O-O {[%emt 0:02:47]} 10. Bg2 {[%emt 0:00:10]} Ba6 {[%emt 0:00:42]} 11. Nd2 {[%emt 0:12:20]} c5 {[%emt 0:10:52]} 12. Bf1 {[%emt 0:43:02]} Bxf1 {[%emt 0:06:07]} 13. Kxf1 {[%emt 0:00:03]} cxd4 {[%emt 0:00:06]} 14. exd4 {[%emt 0:00:39]} Bb4 {[%emt 0:01:25]} 15. Kg2 {[%emt 0:00:55]} Re8 {[%emt 0:06:56]} 16. Rc1 {[%emt 0:00:46]} Nf8 {[%emt 0:02:52]} 17. Nf3 {[%emt 0:01:41]} Bxc3 {[%emt 0:02:32]} 18. Rxc3 {[%emt 0:04:01]} Ne4 {[%emt 0:00:10]} 19. Rc2 {[%emt 0:00:38]} Rc8 {[%emt 0:10:40]} 20. Qd3 {[%emt 0:02:22]} Qd7 {[%emt 0:09:50]} 21. Rhc1 {[%emt 0:01:27]} f6 {[%emt 0:08:12]} 22. a4 {[%emt 0:07:29]} Ne6 {[%emt 0:01:03]} 23. Rxc8 {[%emt 0:01:58]} Rxc8 {[%emt 0:00:03]} 24. Qb5 {[%emt 0:05:34]} Rd8 {[%emt 0:00:09]} 25. Qxd7 {[%emt 0:02:10]} Rxd7 {[%emt 0:00:01]} 26. Rc8+ {[%emt 0:01:09]} Kf7 {[%emt 0:00:33]} 27. Kf1 {[%emt 0:00:54]} g5 {[%emt 0:04:26]} 28. h3 {[%emt 0:00:58]} h5 {[%emt 0:00:19]} 29. Rc2 {[%emt 0:01:42]} Rd8 {[%emt 0:02:55]} 30. Ne1 {[%emt 0:02:44]} Nd6 {[%emt 0:02:43]} 31. Ng2 {[%emt 0:00:25]} Nf5 {[%emt 0:01:40]} 32. g4 {[%emt 0:02:56]} hxg4 {[%emt 0:00:26]} 33. hxg4 {[%emt 0:00:01]} Nfxd4 {[%emt 0:00:49]} 34. Bxd4 {[%emt 0:00:20]} Nxd4 {[%emt 0:00:04]} 35. Rc7+ {[%emt 0:00:02]} Ke6 {[%emt 0:00:37]} 36. Rxa7 {[%emt 0:00:06]} Nxb3 {[%emt 0:00:55]} 37. Ra6 {[%emt 0:02:36]} Rb8 {[%emt 0:08:29]} 38. Ne3 {[%emt 0:00:37]} Nc5 {[%emt 0:01:39]} 39. Ra7 {[%emt 0:00:05]} Rb7 {[%emt 0:00:09]} 40. Ra8 {[%emt 0:00:10]} d4 {[%emt 0:00:12]} 41. Nc4 {[%emt 0:03:05]} Kd5 {[%emt 0:00:54]} 42. Nd2 {[%emt 0:00:01]} d3 {[%emt 0:00:46]} 43. a5 {[%emt 0:00:55]} bxa5 {[%emt 0:01:56]} 44. Rxa5 {[%emt 0:00:01]} Kd4 {[%emt 0:00:05]} 45. Nf3+ {[%emt 0:00:56]} Kc4 {[%emt 0:00:02]} 46. Nd2+ {[%emt 0:00:14]} Kb4 {[%emt 0:00:06]} 47. Ra1 {[%emt 0:00:54]} Kc3 {[%emt 0:13:32]} 48. Ke1 {[%emt 0:00:00]} Re7+ {[%emt 0:02:53]} 49. Kd1 {[%emt 0:00:06]} Rh7 {[%emt 0:00:02]} 50. Rc1+ {[%emt 0:01:08]} Kd4 {[%emt 0:00:01]} 51. Nf3+ {[%emt 0:00:44]} Kd5 {[%emt 0:00:01]} 52. Rb1 {[%emt 0:00:33]} Rh1+ {[%emt 0:00:54]} 53. Ne1 {[%emt 0:01:02]} Ne4 {[%emt 0:00:06]} 0-1

[Event "Charlotte Open 2020"]
[Site "Charlotte"]
[Date "2020.01.05"]
[Round "8.2"]
[White "Lenderman, Aleksandr"]
[Black "Ali Marandi, Cemil Can"]
[Result "1/2-1/2"]
[WhiteElo "2638"]
[BlackElo "2537"]
[Annotator "TA"]
[PlyCount "109"]
[EventDate "2020.01.02"]
[EventType "swiss"]
[EventCountry "USA"]
[SourceTitle "playchess.com"]
[Source "ChessBase"]
[SourceQuality "1"]

{[%evp 11,109,26,21,10,12,2,49,34,47,37,24,31,53,24,164,113,108,19,78,54,122,80,74,64,73,85,75,91,94,81,74,63,79,77,96,50,68,56,104,96,97,94,79,75,135,133,151,151,151,135,122,119,92,85,165,167,217,220,207,202,164,131,130,144,133,133,106,113,91,78,98,99,91,100,150,138,224,202,216,210,220,215,207,40,187,169,304,272,328,257,366,362,368,20,172,0,347,0,161,0]} 1. d4 Nf6 2. c4 e6 3. g3 d5 4. Bg2 dxc4 5. Nf3 a6 6. O-O Nc6 7. Nbd2 {E04: Open Catalan: 5 Nf3} (7. e3 Rb8 8. Nfd2 e5 9. Bxc6+ bxc6 10. dxe5 Ng4 11. Nxc4 Be6 12. Qe2 h5 13. Rd1 Qc8 14. Qf3 Rb6 15. Nxb6 cxb6 16. h4 Nxe5 {½-½ (41) Grischuk,A (2759)-Ding,L (2811) Khanty-Mansiysk 2019}) 7... b5 8. b3 cxb3 9. Nxb3 {White is slightly better.} Rb8 10. Bb2 {[%mdl 1024] White has compensation.} Bb7 11. Qc1 Bd6 12. e4 $146 ({Predecessor:} 12. Rd1 Ne7 13. Nc5 O-O 14. Nxb7 Rxb7 {½-½ (39) Joppich,U (2474)-Scheiba,M (2329) ICCF email 2015}) 12... Be7 (12... Nxe4 $11 13. Nfd2 f5) 13. Rd1 ({White should try} 13. d5 $18 exd5 14. exd5) 13... O-O $16 {[#]} (13... Nxe4 $2 14. Nfd2 $18) 14. Ne1 ({Better is} 14. d5 $1 $16 {[%cal Rd5c6][%mdl 512]} exd5 15. exd5) 14... Qc8 (14... Ba8 $11) 15. Nd3 Rd8 (15... Nd8 $14) 16. Nf4 Ba8 17. a3 a5 18. d5 e5 19. Ne2 a4 20. Nd2 $1 {[%cal Bb3d2,Bd2f1,Bf1e3,Be3f5,Bf5h6,Bh6g4][%mdl 32]} Nd4 21. Nxd4 (21. Bxd4 $6 exd4 22. Nxd4 c5 $11) 21... exd4 22. Bxd4 c5 23. Bb2 c4 24. Nf1 Ng4 25. h3 Bf6 {With the idea ...c3.} 26. Bxf6 Nxf6 27. Ne3 Re8 (27... Qc7 $142) 28. Nf5 $1 {And now Qg5! would win.} Qd8 29. Qc3 g6 30. Nh6+ Kg7 31. Ng4 h5 32. Ne3 Qd6 (32... Qe7 $16 {was called for.}) 33. f4 $18 {Black must now prevent e5.} Kh7 34. e5 Qc5 35. Rd4 Nd7 36. Kh2 b4 37. Qxc4 b3 38. Qxc5 Nxc5 39. Rb1 Rec8 40. Nd1 Nd7 41. Nb2 Rc2 42. Nxa4 g5 {next ...gxf4 is good for Black.} 43. Kg1 (43. fxg5 $6 Nxe5 44. Kh1 Nc4 $14) 43... gxf4 (43... h4 $16) 44. Be4+ {[%mdl 64] Double Attack} (44. Rxf4 Nxe5 45. Rf5 Rxg2+ 46. Kxg2 Bxd5+ 47. Kf2 Be4 $11) 44... Kh6 45. gxf4 ({But not} 45. Bxc2 $2 bxc2 46. Rf1 Nxe5 $19) 45... Ra2 46. Nb2 Nc5 47. Bf3 $2 (47. Bf5 $18) 47... Rxa3 (47... Bb7 $1 $14) 48. Rc4 $36 {[%mdl 2048] Black is under strong pressure.} Nd7 (48... Ra5 $142 49. Kf2 Rd8) 49. Kf2 Ra2 50. Rc3 Rb4 {[#]} (50... Ra5 {is a better defense.} 51. Rc7 Nxe5) 51. Ke3 $1 Nb6 52. Nd3 $2 (52. d6 $18) 52... Rba4 $2 (52... Rc4 $1 $11 {and Black has nothing to worry.} 53. Rbxb3 (53. Rxc4 Nxc4+ 54. Kd4 Nd2 $17 {[%mdl 64] Double Attack}) 53... Nxd5+ 54. Bxd5 Bxd5) 53. Nb2 $2 (53. Rcxb3 Nc4+ 54. Kd4 Na3+ 55. Nb4 Nxb1 $11) (53. Rbxb3 Nc4+ 54. Rxc4 Rxc4 55. Rb6+ Kg7 56. Rd6) 53... Rb4 $1 {[#]} 54. Nd3 (54. d6 $142 $1) 54... Rba4 55. Nb2 $2 {Accuracy: White = 52%, Black = 41%.} ({Stronger than} 55. Rcxb3 Nc4+ 56. Kd4 Nd2+ 57. Nb4 Nxb1 $11) (55. Rbxb3 $18 Nc4+ 56. Rxc4 Rxc4 57. Rb6+ Kg7 58. Rd6) 1/2-1/2

[Event "Charlotte Open 2020"]
[Site "Charlotte"]
[Date "2020.01.05"]
[Round "8.3"]
[White "Brodsky, David"]
[Black "Tang, Andrew"]
[Result "0-1"]
[WhiteElo "2466"]
[BlackElo "2511"]
[Annotator "ChessBase"]
[PlyCount "60"]
[EventDate "2020.01.02"]
[EventType "swiss"]
[EventCountry "USA"]
[SourceTitle "playchess.com"]
[Source "ChessBase"]
[SourceQuality "1"]
[TimeControl "6000+30"]

1. e4 {[%emt 0:00:00]} e5 {[%emt 0:00:37]} 2. Nf3 {[%emt 0:00:00]} Nc6 {[%emt 0:00:07]} 3. Bb5 {[%emt 0:00:00]} g6 {[%emt 0:01:07]} 4. d4 {[%emt 0:00:00]} exd4 {[%emt 0:00:07]} 5. c3 {[%emt 0:00:03]} a6 {[%emt 0:00:09]} 6. Bc4 {[%emt 0:00:29]} Bg7 {[%emt 0:01:18]} 7. cxd4 {[%emt 0:00:13]} b5 {[%emt 0:00:05]} 8. Bb3 {[%emt 0:00:35]} Na5 {[%emt 0:00:14]} 9. Bc2 {[%emt 0:01:26]} Ne7 {[%emt 0:00:07]} 10. O-O {[%emt 0:04:51]} O-O {[%emt 0:00:39]} 11. Bg5 {[%emt 0:18:19]} h6 {[%emt 0:02:21]} 12. Bd2 {[%emt 0:01:03]} Nc4 {[%emt 0:02:46]} 13. Bc3 {[%emt 0:02:28]} d5 {[%emt 0:10:09]} 14. e5 {[%emt 0:07:06]} c5 {[%emt 0:09:24]} 15. dxc5 {[%emt 0:04:53]} Bg4 {[%emt 0:06:25]} 16. h3 {[%emt 0:24:26]} Bxf3 {[%emt 0:05:24]} 17. gxf3 {[%emt 0:00:23]} b4 {[%emt 0:06:01]} 18. Bd4 {[%emt 0:06:05]} Nc6 {[%emt 0:03:30]} 19. f4 {[%emt 0:01:59]} Qh4 {[%emt 0:02:08]} 20. Be3 {[%emt 0:02:48]} Nxe3 {[%emt 0:01:48]} 21. fxe3 {[%emt 0:00:04]} Qg3+ {[%emt 0:00:04]} 22. Kh1 {[%emt 0:00:03]} Qxh3+ {[%emt 0:00:05]} 23. Kg1 {[%emt 0:00:02]} Qxe3+ {[%emt 0:01:35]} 24. Rf2 {[%emt 0:00:51]} Nxe5 {[%emt 0:16:18]} 25. fxe5 {[%emt 0:01:04]} Bxe5 {[%emt 0:00:04]} 26. Qd2 {[%emt 0:06:22]} Qg3+ {[%emt 0:00:51]} 27. Rg2 {[%emt 0:03:01]} Qh4 {[%emt 0:00:39]} 28. Kf1 {[%emt 0:02:05]} Bxb2 {[%emt 0:02:03]} 29. Qxd5 {[%emt 0:00:35]} Bxa1 {[%emt 0:03:48]} 30. Rxg6+ {[%emt 0:01:48]} Kh8 {[%emt 0:00:14]} 0-1

[Event "Charlotte Open 2020"]
[Site "Charlotte"]
[Date "2020.01.05"]
[Round "8.4"]
[White "Escalante Ramirez, Brian Sebasti"]
[Black "Karthik Venkataraman"]
[Result "1/2-1/2"]
[WhiteElo "2421"]
[BlackElo "2470"]
[Annotator "ChessBase"]
[PlyCount "116"]
[EventDate "2020.01.02"]
[EventType "swiss"]
[EventCountry "USA"]
[SourceTitle "playchess.com"]
[Source "ChessBase"]
[SourceQuality "1"]
[TimeControl "6000+30"]

1. e4 {[%emt 0:00:00]} c5 {[%emt 0:00:00]} 2. Nc3 {[%emt 0:00:00]} a6 {[%emt 0:00:00]} 3. g3 {[%emt 0:02:41]} b5 {[%emt 0:00:06]} 4. Bg2 {[%emt 0:00:03]} Bb7 {[%emt 0:00:03]} 5. Nh3 {[%emt 0:01:31]} Nf6 {[%emt 0:01:09]} 6. O-O {[%emt 0:01:27]} e6 {[%emt 0:00:38]} 7. d3 {[%emt 0:02:12]} b4 {[%emt 0:01:56]} 8. Na4 {[%emt 0:18:25]} Be7 {[%emt 0:02:24]} 9. a3 {[%emt 0:02:15]} a5 {[%emt 0:00:51]} 10. Nf4 {[%emt 0:08:38]} Qc7 {[%emt 0:05:37]} 11. e5 {[%emt 0:28:43]} Bxg2 {[%emt 0:03:05]} 12. exf6 {[%emt 0:00:02]} Bxf1 {[%emt 0:00:50]} 13. fxe7 {[%emt 0:02:11]} Qc6 {[%emt 0:00:06]} 14. Qg4 {[%emt 0:00:57]} g6 {[%emt 0:09:43]} 15. Qg5 {[%emt 0:11:43]} e5 {[%emt 0:00:54]} 16. Qxe5 {[%emt 0:00:44]} f6 {[%emt 0:15:25]} 17. Qxc5 {[%emt 0:00:02]} g5 {[%emt 0:02:31]} 18. Nd5 {[%emt 0:01:33]} Bh3 {[%emt 0:00:11]} 19. Nc7+ {[%emt 0:10:30]} Kf7 {[%emt 0:00:04]} 20. Qxc6 {[%emt 0:00:05]} Nxc6 {[%emt 0:00:03]} 21. Nxa8 {[%emt 0:00:15]} Rxa8 {[%emt 0:00:05]} 22. Be3 {[%emt 0:00:46]} Kxe7 {[%emt 0:01:31]} 23. Nb6 {[%emt 0:00:41]} Rb8 {[%emt 0:01:02]} 24. axb4 {[%emt 0:03:36]} axb4 {[%emt 0:00:06]} 25. f4 {[%emt 0:01:46]} Kf7 {[%emt 0:01:21]} 26. fxg5 {[%emt 0:04:51]} fxg5 {[%emt 0:00:06]} 27. Nc4 {[%emt 0:02:39]} Kg6 {[%emt 0:03:34]} 28. Ra6 {[%emt 0:01:49]} Rf8 {[%emt 0:00:10]} 29. Nd2 {[%emt 0:01:17]} Kh5 {[%emt 0:00:14]} 30. Ra1 {[%emt 0:01:09]} d5 {[%emt 0:04:19]} 31. Re1 {[%emt 0:00:06]} Re8 {[%emt 0:04:48]} 32. Nf3 {[%emt 0:00:05]} h6 {[%emt 0:00:04]} 33. Bf2 {[%emt 0:00:32]} Rf8 {[%emt 0:01:06]} 34. Ne5 {[%emt 0:00:15]} Nxe5 {[%emt 0:00:35]} 35. Rxe5 {[%emt 0:00:01]} Rc8 {[%emt 0:00:05]} 36. Re2 {[%emt 0:00:30]} Rf8 {[%emt 0:00:57]} 37. b3 {[%emt 0:00:23]} d4 {[%emt 0:04:20]} 38. Rd2 {[%emt 0:02:31]} Rf7 {[%emt 0:00:26]} 39. Re2 {[%emt 0:01:38]} Rf8 {[%emt 0:00:10]} 40. Rd2 {[%emt 0:00:03]} Rf7 {[%emt 0:00:56]} 41. Rd1 {[%emt 0:00:27]} Rc7 {[%emt 0:00:11]} 42. Rc1 {[%emt 0:00:04]} Bf5 {[%emt 0:00:31]} 43. Bxd4 {[%emt 0:00:15]} Bxd3 {[%emt 0:00:04]} 44. c4 {[%emt 0:01:20]} bxc3 {[%emt 0:00:06]} 45. Rxc3 {[%emt 0:00:03]} Rxc3 {[%emt 0:00:04]} 46. Bxc3 {[%emt 0:00:04]} Kg4 {[%emt 0:00:27]} 47. Kf2 {[%emt 0:00:51]} Kh3 {[%emt 0:00:21]} 48. Bg7 {[%emt 0:00:21]} h5 {[%emt 0:01:13]} 49. Bf6 {[%emt 0:00:17]} Kg4 {[%emt 0:00:07]} 50. Ke3 {[%emt 0:00:12]} Bc2 {[%emt 0:03:41]} 51. b4 {[%emt 0:00:05]} Kf5 {[%emt 0:00:02]} 52. b5 {[%emt 0:01:38]} Ba4 {[%emt 0:00:04]} 53. b6 {[%emt 0:00:05]} Bc6 {[%emt 0:00:03]} 54. Bd8 {[%emt 0:01:43]} g4 {[%emt 0:00:05]} 55. Bc7 {[%emt 0:00:25]} Bb7 {[%emt 0:00:07]} 56. Bb8 {[%emt 0:00:05]} Bc6 {[%emt 0:00:04]} 57. Kd4 {[%emt 0:00:13]} Ke6 {[%emt 0:00:05]} 58. Kc5 {[%emt 0:00:53]} Kd7 {[%emt 0:00:05]} 1/2-1/2